000 00365nam a22001457a 4500
020 _a978-81-264-522-93
082 _a894.812.3
_bRAJ/R
100 _aRAJI. K.R
245 _aRUSHYAN NADODI KKATHAKALUM KUTTIKKATHAKALUM CHITHRANGALUM
260 _aKOTTAYAM
_bDC BOOKS
_c2019
300 _a428
520 _aRUSSIAN STORIES
650 _aRUSSTIAN STORIES
942 _cBK
999 _c6812
_d6812